000 00229nam a2200097Ia 4500
008 170619s9999 xx 000 0 und d
100 _aSingh- Jasprit
245 0 _aSemiconductor Optoelectronics
260 _bLondon; MGH
260 _c1995
546 _aENGLISH
999 _c17699
_d17699